Reading between the lines : (Record no. 20850)

MARC details
000 -LEADER
fixed length control field 01375cam a2200373 a 4500
001 - CONTROL NUMBER
control field 4364123
003 - CONTROL NUMBER IDENTIFIER
control field OSt
005 - DATE AND TIME OF LATEST TRANSACTION
control field 20251202144922.0
008 - FIXED-LENGTH DATA ELEMENTS--GENERAL INFORMATION
fixed length control field 900209s1990 ilu b 001 0 eng
010 ## - LIBRARY OF CONGRESS CONTROL NUMBER
LC control number 90080623
020 ## - INTERNATIONAL STANDARD BOOK NUMBER
International Standard Book Number 0891075828 :
Terms of availability $9.95 (est.)
020 ## - INTERNATIONAL STANDARD BOOK NUMBER
International Standard Book Number 9780891075820
035 ## - SYSTEM CONTROL NUMBER
System control number 4364123
040 ## - CATALOGING SOURCE
Original cataloging agency DLC
Transcribing agency DLC
Modifying agency DLC
050 00 - LIBRARY OF CONGRESS CALL NUMBER
Classification number PN49
Item number .V45 1990
082 00 - DEWEY DECIMAL CLASSIFICATION NUMBER
Classification number 809/.93382
Edition number 20
100 1# - MAIN ENTRY--PERSONAL NAME
Personal name Veith, Gene Edward,
Dates associated with a name 1951-
245 10 - TITLE STATEMENT
Title Reading between the lines :
Remainder of title a Christian guide to literature /
Statement of responsibility, etc. Gene Edward Veith, Jr.
260 ## - PUBLICATION, DISTRIBUTION, ETC. (IMPRINT)
Place of publication, distribution, etc. Wheaton, Ill. :
Name of publisher, distributor, etc. Crossway Books,
Date of publication, distribution, etc. c1990.
300 ## - PHYSICAL DESCRIPTION
Extent 254 p. ;
Dimensions 22 cm.
336 ## - CONTENT TYPE
Content type term text
Content type code txt
Source rdacontent
337 ## - MEDIA TYPE
Media type term unmediated
Media type code n
Source rdamedia
338 ## - CARRIER TYPE
Carrier type term volume
Carrier type code nc
Source rdacarrier
440 #0 - SERIES STATEMENT/ADDED ENTRY--TITLE
Title Turning point Christian worldview series
500 ## - GENERAL NOTE
General note "Published in association with the Fieldstead Institute ... Irvine, California"--T.p. verso.
504 ## - BIBLIOGRAPHY, ETC. NOTE
Bibliography, etc Includes bibliographical references (p. [231]-245) and indexes.
650 #0 - SUBJECT ADDED ENTRY--TOPICAL TERM
Topical term or geographic name as entry element Christianity and literature.
650 #0 - SUBJECT ADDED ENTRY--TOPICAL TERM
Topical term or geographic name as entry element Literature and morals.
856 42 - ELECTRONIC LOCATION AND ACCESS
Materials specified Publisher description
Uniform Resource Identifier <a href="http://www.loc.gov/catdir/enhancements/fy0912/90080623-d.html">http://www.loc.gov/catdir/enhancements/fy0912/90080623-d.html</a>
906 ## - LOCAL DATA ELEMENT F, LDF (RLIN)
a 7
b cbc
c orignew
d 2
e opcn
f 19
g y-gencatlg
942 ## - ADDED ENTRY ELEMENTS (KOHA)
Source of classification or shelving scheme Library of Congress Classification
Koha item type General Collection
Holdings
Withdrawn status Lost status Source of classification or shelving scheme Not for loan Home library Current library Shelving location Date acquired Source of acquisition Inventory number Total Checkouts Full call number Barcode Date last seen Copy number Price effective from Koha item type
    Library of Congress Classification   Kabarak, Main Campus Kabarak, Main Campus General Stacks 02/12/2025 Donation 2025/2910   PN49 .V45 1990 C.1 38800 02/12/2025 C.1 02/12/2025 General Collection
Designed with assistance from East African Informatics Ltd